Statistics for 20 Countries with the Lowest Homicide Rates

Click here to take the quiz!

General Stats

  • This quiz has been taken 69 times
  • The average score is 12 of 20

Answer Stats

HintAnswer% Correct
0Vatican City
82%
0Andorra
80%
0Liechtenstein
80%
0Monaco
80%
0.5Norway
80%
0.2Japan
78%
0.3Luxembourg
76%
0San Marino
76%
0.2Singapore
73%
0.38Qatar
62%
0.5United Arab Emirates
62%
0.52Bahrain
58%
0.5Switzerland
58%
0.49Brunei
53%
0.5Oman
51%
0Nauru
47%
0.6China
45%
0.6Cyprus
36%
0.4Indonesia
29%
0.6Czechia
22%

Score Distribution

Percentile by Number Answered

Percent of People with Each Score

Your Score History

You have not taken this quiz